The truth, the whole truth and nothing but the truth...misdescriptions and misrepresentations (Record no. 82901)

MARC details
000 -LEADER
fixed length control field 01084cab a22002535a 4500
001 - CONTROL NUMBER
control field L152172
008 - FIXED-LENGTH DATA ELEMENTS--GENERAL INFORMATION
fixed length control field 110207s2011 xxk 000 0 eng d
035 ## - SYSTEM CONTROL NUMBER
System control number (Sirsi) u152172
041 0# - LANGUAGE CODE
Language code of text/sound track or separate title eng
100 1# - MAIN ENTRY--PERSONAL NAME
Personal name Nixon, Katie
245 04 - TITLE STATEMENT
Title The truth, the whole truth and nothing but the truth...misdescriptions and misrepresentations
260 ## - PUBLICATION, DISTRIBUTION, ETC.
Date of publication, distribution, etc. 2011
490 ## - SERIES STATEMENT
Series statement Hogan Lovells Real Estate Quarterly
Volume/sequential designation Winter 2010, 10-11(2) 17(1)
520 ## - SUMMARY, ETC.
Summary, etc. Reviews the law on misrepresention in the second of two articles (see also L152171) on property misdescription and misrepresentation. Compares fraudulent, negligent and innocent misrepresentation and examines in what circumstances liability might be excluded.
590 ## - LOCAL NOTE (RLIN)
Local note KA
650 24 - SUBJECT ADDED ENTRY--TOPICAL TERM
Topical term or geographic name entry element WALKER V BOYLE
650 24 - SUBJECT ADDED ENTRY--TOPICAL TERM
Topical term or geographic name entry element MCMEEKIN AND ANOTHER V LONG AND ANOTHER
650 24 - SUBJECT ADDED ENTRY--TOPICAL TERM
Topical term or geographic name entry element FOODCO UK LLP (T/A MUFFIN BREAK) AND OTHERS V HENRY BOOT DEVELOPMENTS LTD
650 24 - SUBJECT ADDED ENTRY--TOPICAL TERM
Topical term or geographic name entry element MISREPRESENTATION ACT 1967
650 24 - SUBJECT ADDED ENTRY--TOPICAL TERM
Topical term or geographic name entry element UNFAIR CONTRACTS TERMS ACT 1977
651 #4 - SUBJECT ADDED ENTRY--GEOGRAPHIC NAME
Geographic name England and Wales
Chronological subdivision 1543-
690 ## - LOCAL SUBJECT ADDED ENTRY--TOPICAL TERM (OCLC, RLIN)
Topical term or geographic name as entry element PROPERTY-PROPERTY AGENCY
942 ## - ADDED ENTRY ELEMENTS (KOHA)
Suppress in OPAC 0
Holdings
Withdrawn status Lost status Source of classification or shelving scheme Damaged status Not for loan Home library Current library Shelving location Date acquired Total Checkouts Full call number Barcode Date last seen Copy number Price effective from Koha item type
    Dewey Decimal Classification     London London Journal article 07/02/2011   L152172 152172-1001 06/08/2019 1 06/08/2019 Journal article